| 000 | 01813nam0a22003851 4500 | ||
|---|---|---|---|
| 001 | rc\4205364 | ||
| 005 | 20130415195200.6 | ||
| 021 |
_aRU _b[49-21199] |
||
| 035 | _a(NLR Aleph) 008205468 | ||
| 090 |
_a8063225 _c8063225 |
||
| 100 | _a20130415d1949 |||y0rusy50 ca | ||
| 101 | 1 |
_arus _ceng |
|
| 102 | _aRU | ||
| 105 | _aa z ||||| | ||
| 200 | 1 |
_aЭлектронное строение и химическая связь в неорганической химии _fПер. с англ. М.Ю. Лукиной и М.О. Розенгарта _gПод ред. проф. Б.Б. Кудрявцева и проф. А.М. Рубинштейна |
|
| 210 |
_aМосква _cИзд-во иностр. лит. _d1949 _gОбразцовая тип. им. Жданова |
||
| 215 |
_a496 с. _cил. _d23 |
||
| 300 | _aПеред загл. авт.: О.К. Райс | ||
| 300 | _aНа доп. тит. л.: Electronic structure and chemical binding with special reference to inorganic chemistry. By Oscar Knefler Rise. New York and London, 1940 | ||
| 320 | _aБиблиогр.: с. 469-470 и в конце глав | ||
| 513 | 0 | _aElectronic structure and chemical binding with special reference to inorganic chemistry | |
| 606 |
_aХимическая связь _2psbo |
||
| 606 |
_aАтом _xСтроение _2psbo |
||
| 606 |
_aМолекулы _xСтроение _2psbo |
||
| 606 |
_aХимия _xЭлектронная теория _2psbo |
||
| 700 | 1 |
_aРайс _bО. К. _gОскар Кнефлер |
|
| 702 | 1 |
_aРозенгарт _bМ. О. _4730 |
|
| 702 | 1 |
_aКудрявцев _bБ. Б. _4340 |
|
| 702 | 1 |
_aРубинштейн _bА. М. _4340 |
|
| 702 | 1 |
_aЛукина _bМ. Ю. _4730 |
|
| 801 | 0 |
_aRU _bNLR _gpsbo |
|
| 801 | 1 |
_aRU _bELAR _2rusmarc |
|
| 852 |
_aNLR _jХ02 Г-5/178 |
||
| 942 | _cBOOK | ||
| 980 | _aNB | ||